01616nam a2200337 i 4500003000900000005001700009008004100026017001400067040004600081041000800127082002900135092000700164099003800171100005800209245017600267264006600443300003100509336002200540337002400562338003300586504006100619546004100680650009800721651001000819856005700829905000700886942001900893999001700912952017500929952017401104EG-GICUC20260121101532.0251222s1999    ua ||||fr|||| 00| 0 ara d  a199915874  a EG-GICUCbarac EG-GICUCd EG-GICUCerda0 aara04221a345.4551bم ح . ت04221  aLaw1 07	345.4551 م ح . ت 	19990 aمحمد ماهر أبوالعينينeمؤلف.12aالتأديب في الوظيفة العامة والعاملين بالقطاع العام والكادرات الخاصة /cمحمد ماهر أبوالعينين. 1aالقاهرة :bدار النهضة العربية،c1999.  a1086 ؛ صفحةc24 سم.  2rda contentatext  2rda mediaaComputer  2rda carrieraOnline Resource  aيحتوي على ارجاعات ببليوجرافية
  aالنص باللغة العربية14aتاديب العاملين بالقطاع العامxالقانون الإداري2qrmak1 2qrmak40uhttps://fll.law.cu.edu.eg/fulltext/bks/B07-01677.pdf  a75  2ddccBKe21n0  c52168d52168  00102ddc40718القانون الإداريaCUbLAW1d2025-12-22l0oLaw1 07	345.4551 م ح . ت 	1999 0701677	C1pB07-01677r2025-12-22 17:08:27t1w2025-12-22yBK  00102ddc40708القانون الإداريaCUbLAW1d2026-04-02l0oLaw1 07	345.4551 م ح . ت 1999 0702417 C2pB07-02417r2026-04-02 20:49:44t2w2026-04-02yBK